| 000 | 00441nam a2200121Ia 4500 | ||
|---|---|---|---|
| 008 | 250103s2023 xx 000 0 und d | ||
| 020 | _a978-3-031-39936-7 | ||
| 041 | _aeng | ||
| 100 | _aMikael Lind, Wolfgang Lehmacher, Robert Ward | ||
| 245 | _aMaritime Decarbonization | ||
| 260 |
_bSpringer Nature Switzerland _c2023 |
||
| 856 |
_uhttps://link.springer.com/openurl?genre=book&isbn=978-3-031-39936-7 _zhttps://doi.org/10.1007/978-3-031-39936-7 |
||
| 999 |
_c12750 _d12750 |
||